[Event "Kurunegala op 11th"]
[Site "Kurunegala"]
[Date "2019.12.02"]
[Round "6"]
[White "Munasinghe, Lahiru"]
[Black "Liyanapathirana, Pasan Vindula"]
[Result "1-0"]
[WhiteElo "1940"]
[BlackElo "1820"]
[PlyCount "77"]
[EventDate "2019.11.30"]
[EventType "swiss"]
[EventRounds "10"]
[EventCountry "SRI"]
[SourceTitle "CBM 193 Extra"]
[Source "ChessBase"]
[SourceDate "2020.01.31"]
[SourceVersion "1"]
[SourceVersionDate "2020.01.31"]
[SourceQuality "1"]

1. d4 Nf6 2. Nf3 c5 3. e3 e6 4. c4 a6 5. Nc3 d5 6. dxc5 Bxc5 7. cxd5 exd5 8. Be2 Nc6 9. 0-0 0-0 10. Nd4 Re8 11. Bf3 Ne5 12. a3 Bg4 13. Bxg4 Nexg4 14. h3 Ne5 15. b4 Ba7 16. Nf3 Nc4 17. Qb3 Rc8 18. Rd1 Bb8 19. Bb2 Ne5 20. Nxd5 Nxf3+ 21. gxf3 Nxd5 22. Qxd5 Qh4 23. Qd4 Qh6 24. Rac1 Bc7 25. Qg4 Qg6 26. Qxg6 hxg6 27. Rd7 Bb8 28. Rxc8 Rxc8 29. Rxb7 Bc7 30. Bd4 a5 31. b5 Bd6 32. a4 Rc1+ 33. Kg2 Rc4 34. Rd7 Bf8 35. Rd8 f6 36. b6 Rb4 37. Bc5 Rxa4 38. Rxf8+ Kh7 39. b7 1-0

[Event "Kurunegala op 11th"]
[Site "Kurunegala"]
[Date "2019.12.02"]
[Round "5"]
[White "Tennakoon, Lisara Samadhith"]
[Black "Munasinghe, Lahiru"]
[Result "0-1"]
[WhiteElo "1525"]
[BlackElo "1940"]
[PlyCount "104"]
[EventDate "2019.11.30"]
[EventType "swiss"]
[EventRounds "10"]
[EventCountry "SRI"]
[SourceTitle "CBM 193 Extra"]
[Source "ChessBase"]
[SourceDate "2020.01.31"]
[SourceVersion "1"]
[SourceVersionDate "2020.01.31"]
[SourceQuality "1"]

1. d4 e6 2. Bf4 Nf6 3. Nf3 b6 4. h3 Bb7 5. e3 d6 6. c3 Nbd7 7. Nbd2 Qe7 8. Be2 g6 9. c4 Bg7 10. Rc1 0-0 11. b4 e5 12. Bg3 exd4 13. exd4 Rfe8 14. Bf4 Nh5 15. Bh2 Bh6 16. Kf1 Nf4 17. Bxf4 Bxf4 18. g3 Bh6 19. d5 c6 20. dxc6 Bxc6 21. Rg1 Qf6 22. Kg2 Rxe2 23. Qxe2 Bxd2 24. Qxd2 Ne5 25. Qf4 Qxf4 26. gxf4 Nxf3 27. Rgd1 Nd4+ 28. Kf1 Nf5 29. Re1 Kg7 30. c5 dxc5 31. bxc5 Bb5+ 32. Kg2 bxc5 33. Rxc5 a6 34. Re4 Rd8 35. a4 Bd3 36. Rb4 Rd6 37. Re5 Nd4 38. Rb7 Ne6 39. Kg3 Kf6 40. Re3 Bc2 41. a5 Bd3 42. f3 Bb5 43. Rc3 Rd4 44. Ra3 Nxf4 45. Rb6+ Ne6 46. Ra2 h5 47. h4 Kg7 48. Rb7 Nc5 49. Rc7 Nd7 50. Ra3 Nf6 51. Rb7 Ne8 52. Rc7 Nxc7 0-1

[Event "Negombo op 2nd"]
[Site "Negombo"]
[Date "2016.08.17"]
[Round "9"]
[White "Liyanapathirana, Pasan Vindula"]
[Black "Munasinghe, Lahiru"]
[Result "0-1"]
[WhiteElo "1839"]
[BlackElo "1910"]
[PlyCount "113"]
[EventDate "2016.08.13"]
[EventType "swiss"]
[EventRounds "9"]
[EventCountry "SRI"]
[SourceTitle "EXT 2019"]
[Source "ChessBase"]
[SourceDate "2018.10.10"]
[SourceVersion "1"]
[SourceVersionDate "2018.10.10"]
[SourceQuality "1"]

1. e4 e6 2. d4 d5 3. e5 c5 4. c3 Nc6 5. Nf3 Bd7 6. Be2 Nh6 7. a3 Nf5 8. b4 cxd4 9. cxd4 Rc8 10. Bb2 Be7 11. 0-0 0-0 12. Nbd2 f6 13. exf6 Bxf6 14. Nb3 Be8 15. Qd2 Bf7 16. Rfe1 Re8 17. Rac1 Bh5 18. Ne5 Bxe2 19. Nxc6 Rxc6 20. Rxe2 Rxc1+ 21. Qxc1 b6 22. h3 Qd7 23. Qf4 Qa4 24. Qf3 Bxd4 25. Nxd4 Nxd4 26. Bxd4 Qd1+ 27. Kh2 Qxd4 28. Rc2 Qe5+ 29. g3 Rf8 30. Qg4 Qf5 31. Qe2 h6 32. Kg2 d4 33. Rc7 Rf7 34. Rc8+ Kh7 35. Re8 d3 36. Qd2 Qe4+ 37. Kg1 Rd7 38. Kh2 Rc7 39. Rd8 Rc2 40. Qxd3 Rxf2+ 41. Kg1 Qxd3 42. Rxd3 Ra2 43. Re3 Kg8 44. Rxe6 Rxa3 45. Kf2 Kf7 46. Rc6 Rb3 47. Rc7+ Kf6 48. Rxa7 Rxb4 49. Rb7 Rb3 50. Kg2 b5 51. Kf2 b4 52. Kg2 Rb1 53. Rb6+ Kf7 54. Rb7+ Kg6 55. Rb6+ Kh7 56. h4 b3 57. h5 0-1

[Event "Negombo op 2nd"]
[Site "Negombo"]
[Date "2016.08.15"]
[Round "5"]
[White "Liyanage, Ranindu Dilshan"]
[Black "Munasinghe, Lahiru"]
[Result "1/2-1/2"]
[WhiteElo "1763"]
[BlackElo "1910"]
[PlyCount "59"]
[EventDate "2016.08.13"]
[EventType "swiss"]
[EventRounds "9"]
[EventCountry "SRI"]
[SourceTitle "EXT 2019"]
[Source "ChessBase"]
[SourceDate "2018.10.10"]
[SourceVersion "1"]
[SourceVersionDate "2018.10.10"]
[SourceQuality "1"]

1. e4 e6 2. d4 d5 3. e5 c5 4. c3 Nc6 5. Be3 Nge7 6. Nf3 Nf5 7. Bd3 cxd4 8. cxd4 Bb4+ 9. Nc3 Nxe3 10. fxe3 0-0 11. 0-0 f6 12. exf6 Rxf6 13. Qc2 h6 14. Nd1 Bd7 15. Nf2 Rf8 16. Ng4 Bd6 17. Qe2 Qb6 18. Nh4 Ne7 19. Nxh6+ gxh6 20. Qg4+ Kh8 21. Ng6+ Nxg6 22. Qxg6 Rf5 23. Bxf5 exf5 24. Qxh6+ Kg8 25. Rf3 Rf8 26. Rg3+ Kf7 27. Qh5+ Ke7 28. Rg6 Qxb2 29. Qg5+ Ke8 30. Rf1 1/2-1/2

[Event "Negombo op 2nd"]
[Site "Negombo"]
[Date "2016.08.14"]
[Round "4"]
[White "Munasinghe, Lahiru"]
[Black "Athukorala, Shavindi Uddeepana"]
[Result "1-0"]
[WhiteElo "1910"]
[BlackElo "1562"]
[PlyCount "77"]
[EventDate "2016.08.13"]
[EventType "swiss"]
[EventRounds "9"]
[EventCountry "SRI"]
[SourceTitle "EXT 2019"]
[Source "ChessBase"]
[SourceDate "2018.10.10"]
[SourceVersion "1"]
[SourceVersionDate "2018.10.10"]
[SourceQuality "1"]

1. d4 d5 2. c4 e6 3. Nc3 c6 4. e3 f5 5. f4 Nf6 6. Nf3 Bd6 7. Bd3 Nbd7 8. 0-0 0-0 9. Bd2 Ne4 10. Be1 Ndf6 11. Ne5 Bd7 12. Bh4 Be8 13. Nxe4 fxe4 14. Be2 Be7 15. Rb1 Nd7 16. Bxe7 Qxe7 17. Nxd7 Bxd7 18. b4 Rfc8 19. Qb3 a6 20. Rfc1 Be8 21. c5 Qc7 22. a4 Rcb8 23. Qc3 Qd8 24. b5 axb5 25. axb5 Ra2 26. Qe1 Rba8 27. bxc6 Bxc6 28. Bb5 Rb8 29. Rb3 Bxb5 30. Rxb5 Ra6 31. Rcb1 Qc8 32. Qb4 Ra7 33. Rb6 Qd7 34. c6 Qc7 35. Rxb7 Raxb7 36. cxb7 Kf7 37. h3 Kf6 38. Qb6 Qc3 39. Qd6 1-0

[Event "World ol U16 09th"]
[Site "Burdur"]
[Date "2010.11.30"]
[Round "6"]
[White "Munasinghe, Lahiru"]
[Black "Grandadam, Patrick"]
[Result "1/2-1/2"]
[WhiteElo "1940"]
[BlackElo "2189"]
[PlyCount "58"]
[EventDate "2010.11.27"]
[EventType "team-swiss"]
[EventRounds "10"]
[EventCountry "TUR"]
[SourceTitle "CBM 139 Extra"]
[Source "ChessBase"]
[SourceDate "2011.01.05"]
[SourceVersion "1"]
[SourceVersionDate "2011.01.05"]
[SourceQuality "1"]
[WhiteTeam "Sri Lanka"]
[BlackTeam "Switzerland"]
[WhiteTeamCountry "SRI"]
[BlackTeamCountry "SUI"]

1. d4 d5 2. e3 Nf6 3. Bd3 e6 4. f4 c5 5. c3 Bd6 6. Nf3 0-0 7. 0-0 cxd4 8. exd4 Ne4 9. Nbd2 f5 10. Ne5 Nc6 11. Ndf3 Bd7 12. Qe1 Rb8 13. h3 Nxe5 14. Nxe5 Qe8 15. c4 Bc6 16. cxd5 Bxd5 17. Bd2 Bxe5 18. dxe5 Nxd2 19. Qxd2 Qa4 20. Qe3 Rbc8 21. g4 Qb4 22. Rf2 b6 23. gxf5 exf5 24. a3 Qb3 25. Re1 Bb7 26. Kh2 Qe6 27. Bf1 Rfd8 28. Bg2 Ba6 29. Rd2 Rxd2 1/2-1/2

[Event "World ol U16 09th"]
[Site "Burdur"]
[Date "2010.11.29"]
[Round "5"]
[White "Topak, Engin"]
[Black "Munasinghe, Lahiru"]
[Result "1-0"]
[WhiteElo "2244"]
[BlackElo "1940"]
[PlyCount "85"]
[EventDate "2010.11.27"]
[EventType "team-swiss"]
[EventRounds "10"]
[EventCountry "TUR"]
[SourceTitle "CBM 139 Extra"]
[Source "ChessBase"]
[SourceDate "2011.01.05"]
[SourceVersion "1"]
[SourceVersionDate "2011.01.05"]
[SourceQuality "1"]
[WhiteTeam "Turkey White"]
[BlackTeam "Sri Lanka"]
[WhiteTeamCountry "TUR"]
[BlackTeamCountry "SRI"]

1. e4 e6 2. d3 d5 3. Nd2 Nf6 4. Ngf3 c5 5. g3 g6 6. Bg2 Bg7 7. 0-0 0-0 8. Re1 Nc6 9. Qe2 b6 10. Nf1 Bb7 11. e5 Nd7 12. Bf4 h6 13. h4 b5 14. N1h2 Ne7 15. d4 c4 16. Qd2 Kh7 17. Ng4 Nf5 18. Bh3 a5 19. c3 Bc6 20. h5 Rb8 21. hxg6+ fxg6 22. Nf6+ Nxf6 23. exf6 Qxf6 24. Be5 Qf7 25. Bxb8 Rxb8 26. Ne5 Bxe5 27. Rxe5 Bd7 28. Bxf5 gxf5 29. Qf4 Rg8 30. Kg2 a4 31. Rh1 Rg6 32. Rh4 Qg7 33. Re1 Qf7 34. b3 cxb3 35. axb3 Qf6 36. bxa4 bxa4 37. Rb1 Rg7 38. Rb7 Bc6 39. Rb6 Bd7 40. Rb8 Bc6 41. Rxh6+ Qxh6 42. Rh8+ Kxh8 43. Qxh6+ 1-0

[Event "World ol U16 09th"]
[Site "Burdur"]
[Date "2010.11.27"]
[Round "1"]
[White "Vidit, Santosh Gujrathi"]
[Black "Munasinghe, Lahiru"]
[Result "1-0"]
[WhiteElo "2489"]
[BlackElo "1940"]
[PlyCount "67"]
[EventDate "2010.11.27"]
[EventType "team-swiss"]
[EventRounds "10"]
[EventCountry "TUR"]
[SourceTitle "CBM 139 Extra"]
[Source "ChessBase"]
[SourceDate "2011.01.05"]
[SourceVersion "1"]
[SourceVersionDate "2011.01.05"]
[SourceQuality "1"]
[WhiteTeam "India"]
[BlackTeam "Sri Lanka"]
[WhiteTeamCountry "IND"]
[BlackTeamCountry "SRI"]

1. d4 Nf6 2. c4 e6 3. g3 d5 4. Nf3 Be7 5. Bg2 0-0 6. 0-0 b6 7. cxd5 exd5 8. Nc3 Bb7 9. Qc2 Nbd7 10. Rd1 Re8 11. Bf4 c5 12. Nb5 cxd4 13. Nfxd4 Rc8 14. Bc7 Rxc7 15. Nxc7 Bc5 16. Nxe8 Qxe8 17. e3 Ne5 18. a3 a5 19. b4 axb4 20. axb4 Bxd4 21. Rxd4 Nc6 22. Rdd1 Qe7 23. b5 Na5 24. Rdc1 Ne8 25. Qc3 h6 26. Rxa5 bxa5 27. Qxa5 Qe5 28. Rd1 Kh7 29. b6 Nf6 30. Qa7 Qe7 31. Rxd5 Ng4 32. Rd2 Qb4 33. Qxb7 Qxd2 34. Qe4+ 1-0

[Event "Asia-ch U20"]
[Site "Sri Lanka"]
[Date "2009.07.07"]
[Round "9"]
[White "Shreyansh, Daklia"]
[Black "Munasinghe, Lahiru"]
[Result "1-0"]
[WhiteElo "2279"]
[BlackElo "1903"]
[PlyCount "145"]
[EventDate "2009.07.02"]
[EventType "swiss"]
[EventRounds "9"]
[EventCountry "SRI"]
[SourceTitle "EXT 2010"]
[Source "ChessBase"]
[SourceDate "2010.11.25"]
[SourceVersion "1"]
[SourceVersionDate "2010.11.25"]
[SourceQuality "1"]

1. e4 e6 2. d4 d5 3. Nc3 dxe4 4. Nxe4 Bd7 5. Nf3 Bc6 6. Bd3 Nd7 7. 0-0 Ngf6 8. Re1 Nxe4 9. Bxe4 Bxe4 10. Rxe4 Nf6 11. Re1 Bd6 12. Bg5 0-0 13. Qd3 h6 14. Bh4 Re8 15. Rad1 c6 16. a3 Be7 17. Ne5 Nd7 18. Bxe7 Qxe7 19. Nc4 Nf6 20. Qb3 Rad8 21. Qb4 Qc7 22. Ne5 Nd7 23. Nc4 Nf6 24. Qa5 b6 25. Qe5 Qd7 26. Ne3 Qd6 27. Qxd6 Rxd6 28. Nc4 Rd5 29. Ne5 c5 30. dxc5 Rxc5 31. c4 Rc7 32. b4 a6 33. Rd6 Rb8 34. Red1 Kf8 35. Nc6 Re8 36. f3 e5 37. b5 axb5 38. cxb5 e4 39. Rd8 exf3 40. gxf3 Rb7 41. a4 Rc7 42. Rxe8+ Nxe8 43. Rd8 Rb7 44. Kf2 f6 45. Ke3 Kf7 46. Kd3 g6 47. Kc4 h5 48. a5 bxa5 49. Nxa5 Ra7 50. b6 Rxa5 51. b7 Ra4+ 52. Kc3 Ra3+ 53. Kb2 Rxf3 54. b8Q Re3 55. Qa7+ Re7 56. Rd7 Rxd7 57. Qxd7+ Kf8 58. Qh7 g5 59. Qxh5 Nd6 60. Qh7 Nf7 61. Kc3 Ke7 62. Kd4 Ke6 63. Qg8 f5 64. Qg6+ Ke7 65. Qxf5 Kf8 66. Qf6 Ke8 67. Kd5 g4 68. Qe6+ Kf8 69. Qxg4 Ke8 70. Ke6 Kf8 71. Qf5 Kg8 72. Qxf7+ Kh8 73. Qe7 1-0

[Event "Asia-ch U20"]
[Site "Sri Lanka"]
[Date "2009.07.06"]
[Round "8"]
[White "Munasinghe, Lahiru"]
[Black "Munasinghe, Shanaka"]
[Result "1-0"]
[WhiteElo "1903"]
[BlackElo "1773"]
[PlyCount "65"]
[EventDate "2009.07.02"]
[EventType "swiss"]
[EventRounds "9"]
[EventCountry "SRI"]
[SourceTitle "EXT 2010"]
[Source "ChessBase"]
[SourceDate "2010.11.25"]
[SourceVersion "1"]
[SourceVersionDate "2010.11.25"]
[SourceQuality "1"]

1. e4 d6 2. d4 g6 3. f4 Bg7 4. Nf3 Nd7 5. c3 e5 6. fxe5 dxe5 7. Bc4 Ne7 8. 0-0 0-0 9. h3 Nb6 10. Bb3 Nc6 11. d5 Na5 12. Bg5 f6 13. Bh4 Kh8 14. Nbd2 c6 15. c4 Qd6 16. Rc1 Nxb3 17. Nxb3 c5 18. Nbd2 Nd7 19. Qe2 f5 20. exf5 Rxf5 21. Ne4 Qf8 22. Nc3 Rf7 23. Ng5 Rxf1+ 24. Rxf1 Qe8 25. Ne6 Rb8 26. Ne4 b6 27. Nd6 Qg8 28. Nf7+ Qxf7 29. Rxf7 Bh6 30. Qf2 Kg8 31. Bg5 Bxg5 32. Rf8+ Nxf8 33. Qxf8# 1-0

[Event "Asia-ch U20"]
[Site "Sri Lanka"]
[Date "2009.07.04"]
[Round "4"]
[White "Law, Mark"]
[Black "Munasinghe, Lahiru"]
[Result "0-1"]
[WhiteElo "1794"]
[BlackElo "1903"]
[PlyCount "98"]
[EventDate "2009.07.02"]
[EventType "swiss"]
[EventRounds "9"]
[EventCountry "SRI"]
[SourceTitle "EXT 2010"]
[Source "ChessBase"]
[SourceDate "2010.11.25"]
[SourceVersion "1"]
[SourceVersionDate "2010.11.25"]
[SourceQuality "1"]

1. d4 Nf6 2. Bg5 g6 3. Bxf6 exf6 4. e4 Bg7 5. Nf3 0-0 6. Bc4 d6 7. 0-0 Nd7 8. Re1 Nb6 9. Bd3 c6 10. Nbd2 d5 11. e5 Bg4 12. h3 Bxf3 13. Nxf3 fxe5 14. Nxe5 Qc7 15. Qd2 Rae8 16. f4 Bh6 17. g3 f6 18. Ng4 Bg7 19. Kg2 f5 20. Ne5 Nc8 21. c3 Nd6 22. Qc2 Ne4 23. c4 Bxe5 24. dxe5 Qb6 25. Rad1 Rd8 26. a3 a5 27. b3 Rfe8 28. Qb2 h6 29. b4 Kh7 30. Kf3 axb4 31. axb4 Nc5 32. Bf1 dxc4 33. Bxc4 Ne4 34. Bf7 Rxd1 35. Rxd1 Rd8 36. Rxd8 Qxd8 37. e6 Qd3+ 38. Kg2 Qxg3+ 39. Kf1 Qxf4+ 40. Kg1 Qe3+ 41. Kg2 Qg3+ 42. Kf1 Qxh3+ 43. Kg1 Qg3+ 44. Kf1 Qf3+ 45. Kg1 Qe3+ 46. Kg2 f4 47. e7 f3+ 48. Kh2 Qf4+ 49. Kg1 f2+ 0-1

[Event "Wch U14"]
[Site "Vung Tau"]
[Date "2008.10.24"]
[Round "6"]
[White "Modi, Jaishil Bhadrashil"]
[Black "Munasinghe, Lahiru"]
[Result "1/2-1/2"]
[WhiteElo "1613"]
[BlackElo "1921"]
[PlyCount "52"]
[EventDate "2008.10.20"]
[EventType "swiss"]
[EventRounds "11"]
[EventCountry "VIE"]
[SourceTitle "EXT 2009"]
[Source "ChessBase"]
[SourceDate "2008.11.26"]
[SourceVersion "1"]
[SourceVersionDate "2008.11.26"]
[SourceQuality "1"]

1. e4 e6 2. d4 d5 3. Nc3 Nf6 4. Bg5 dxe4 5. Nxe4 Be7 6. Bxf6 Bxf6 7. Nf3 b6 8. c3 0-0 9. Bd3 Bb7 10. 0-0 Nd7 11. Re1 Re8 12. Qc2 h6 13. Re3 Qe7 14. Rd1 Rad8 15. h3 c5 16. Bb5 a6 17. Nxf6+ Qxf6 18. Bxd7 Rxd7 19. Ne5 Rc7 20. dxc5 bxc5 21. Nc4 Rb8 22. b3 Bd5 23. Nb6 Bc6 24. Nc4 Bd5 25. Nb6 Bc6 26. Nc4 Bd5 1/2-1/2